| 000 | 00642nam a2200241Ia 4500 | ||
|---|---|---|---|
| 003 | OSt | ||
| 005 | 20220918193238.0 | ||
| 006 | a|||||r|||| 00| 0 | ||
| 007 | ta | ||
| 008 | 220917b |||||||| |||| 00| 0 eng d | ||
| 024 | _a72,404 | ||
| 037 | _cTextual | ||
| 040 |
_aARTS _cARTS _beng |
||
| 041 |
_2eng _aeng |
||
| 082 | _aR4, M6 | ||
| 100 |
_aPincoffs Edmund L _981328 |
||
| 245 | 0 |
_aQuandaries and virtues _b Against reductivism ethics |
|
| 260 |
_aKansas _bUniversity Press Of Kansas _c1986 |
||
| 300 |
_a186p. _ccm. |
||
| 650 | _aETHICS | ||
| 942 |
_hR4, M6 _cTEXL _2CC |
||
| 999 |
_c198392 _d198392 |
||